Miniaturas de madera : con incrustaciones de concha de abulón del Valle del Mezquital, Hidalgo /
שמור ב:
| מחבר ראשי: | |
|---|---|
| פורמט: | ספר |
| שפה: | ספרדית |
| יצא לאור: |
Pachuca, México : México :
Instituto Tecnológico de Pachuca : Consejo Estatal para la Cultura y las Artes ; Universidad Iberoamericana, Plantel Santa Fe, Departamento de Arte,
1996, c1996
|
| נושאים: | |
| תגים: |
אין תגיות, היה/י הראשונ/ה לתייג את הרשומה!
|
MARC
| LEADER | 00000nam^a2200000^a^4500 | ||
|---|---|---|---|
| 001 | 000182479 | ||
| 005 | 20250521000000.0 | ||
| 009 | 20260310102007.46 | ||
| 037 | |a Acervo ITESO - Biblioteca | ||
| 041 | |a ESP | ||
| 082 | |a 736. 68097246 |b ROD | ||
| 100 | |a Rodríguez Castañeda, Miguel Fernando |e (autor) | ||
| 245 | 1 | 0 | |a Miniaturas de madera : |b con incrustaciones de concha de abulón del Valle del Mezquital, Hidalgo / |c M.F. Rodríguez Castañeda. |
| 264 | 4 | |a Pachuca, México : |b Instituto Tecnológico de Pachuca : |b Consejo Estatal para la Cultura y las Artes ; |a México : |b Universidad Iberoamericana, Plantel Santa Fe, Departamento de Arte, |c 1996, c1996 | |
| 300 | |a 32 p. | ||
| 336 | |a texto |b txt |2 rdacontenido | ||
| 337 | |a sin mediación |b n |2 rdamedio | ||
| 338 | |a volumen |b nc |2 rdasoporte | ||
| 649 | |a XX | ||
| 650 | |a Miniaturas - |z Valle del Mezquital, Hidalgo | ||
| 650 | |a Miniaturas - |z México | ||
| 650 | |a Conchas - |z Valle del Mezquital, Hidalgo | ||
| 650 | |a Conchas - |z México | ||
| 650 | |a Moluscos - |z Valle del Mezquital, Hidalgo | ||
| 650 | |a Moluscos - |z México | ||
| 650 | |a Taracea - |z Valle del Mezquital, Hidalgo | ||
| 650 | |a Taracea - |z México | ||
| 650 | |a Artesanía de Madera - |z Valle del Mezquital, Hidalgo | ||
| 650 | |a Artesanía de Madera - |z México | ||
| 650 | |a Arte Popular - |z Valle del Mezquital, Hidalgo | ||
| 650 | |a Arte Popular - |z México | ||
| 650 | |a Arte Mexicano | ||
| 650 | |a Valle del Mezquital, Hidalgo - |x Condiciones Sociales y Culturales | ||
| 650 | |a México - |x Condiciones Sociales y Culturales | ||
| 910 | |a Fondo General | ||
| 920 | |a Impresos - Libros | ||
| 930 | |a Reserva Especial | ||
| 905 | |a 103 | ||
| 901 | |a 0500122012 |b IT1 |c REE |u 20250521 | ||
| 902 | |a https://opac.biblio.iteso.mx/vufind/Record/000182479 | ||